[Event "XXXVIII Benasque Open 2018"]
[Site "Benasque"]
[Date "2018.07.10"]
[Round "6"]
[White "Zubov, Alexander"]
[Black "Ubilava, Elizbar"]
[Result "1/2-1/2"]
[WhiteElo "2611"]
[BlackElo "2478"]
[Annotator "TA"]
[PlyCount "118"]
[EventDate "2018.07.05"]
[EventType "swiss"]
[EventCountry "ESP"]
[SourceTitle "playchess.com"]
[Source "ChessBase"]
[SourceQuality "1"]

{[%evp 15,118,38,37,35,33,33,29,14,8,8,17,-21,25,22,35,46,53,53,50,49,57,45,58,58,56,41,49,42,41,54,121,95,117,116,118,85,127,84,105,68,83,64,88,83,77,85,53,35,35,10,0,0,114,120,135,106,146,146,150,122,122,84,374,89,100,90,81,83,90,97,83,99,91,75,89,75,66,93,104,104,83,0,0,0,0,0,0,0,0,0,0,0,0,0,0,0,0,0,0,0,0,0,0,0,0]} 1. d4 Nf6 2. c4 d6 3. Nf3 g6 4. Nc3 Bf5 5. Bg5 Bg7 6. e3 {[%cal Be2e3,Be3e4][%mdl 32]} O-O 7. Bd3 Bxd3 {E61: King's Indian: Early deviations for White, including Smyslov System} 8. Qxd3 Nbd7 {LiveBook: 13 Games} 9. e4 (9. O-O h6 10. Bh4 g5 11. Bg3 Nh5 12. Rad1 e6 13. d5 Qe7 14. Nd4 a6 15. Qe2 Nxg3 16. hxg3 {1-0 (36) Kramnik,V (2812)-Caruana,F (2804) Leuven 2016}) 9... e5 {White is slightly better.} 10. d5 h6 $146 ({Predecessor:} 10... Nc5 11. Qc2 a5 12. b3 h6 13. Bxf6 Bxf6 14. h4 h5 15. O-O-O {0-1 (36) Kavutskiy,K (2287)-Ostrovskiy,A (2377) Saint Louis 2012}) 11. Bxf6 Qxf6 12. Qe2 h5 13. O-O-O Bh6+ 14. Kb1 Kg7 15. Ne1 a5 16. h4 {[%cal Bh2h4,Bh4h5][%mdl 32]} Qe7 17. f3 Rh8 18. g4 hxg4 19. fxg4 {[#]} Bg5 $1 {[%mdl 512]} 20. h5 $1 (20. hxg5 Rxh1) 20... Nf6 21. Nf3 Bf4 22. Rdg1 {[%cal Bd1g1,Bg1g2,Bg2f2][%mdl 32]} Nh7 (22... Rag8 $14) 23. Qd3 $1 $16 b6 24. Ne2 Bg5 25. Rg2 Rae8 26. Neg1 Bf6 27. Nh3 Ng5 28. Rf2 Nxh3 29. Rxh3 Bg5 30. Nxg5 (30. Qf1 {with more complications.} Bf4 31. Ng1 Qd7 32. Ne2 Bg5 33. Rhf3) 30... Qxg5 31. Rhf3 Ref8 32. Qf1 {[%cal Rf3f7]} f6 33. Rg2 Rh6 (33... Kf7 $11 {remains equal.}) 34. a3 $1 a4 35. Ka2 Rfh8 36. Qe2 Rf8 37. Qc2 Ra8 38. Rgf2 gxh5 $2 {[%mdl 8192]} (38... Rf8 $16 {is a better defense.}) 39. Rf5 $2 (39. gxh5 $18 Kh8 40. Rh3) 39... Qg6 40. gxh5 $1 ({Much weaker is} 40. Rxf6 $6 Qxf6 41. Rxf6 Kxf6 $11) 40... Rxh5 {[#]} 41. Rg2 $1 {White threatens Rxh5 and mate.} Rg5 {[#]} 42. Rgxg5 $1 fxg5 {[%mdl 4096] Endgame KQR-KQR} 43. Qd2 Kh6 44. Qh2+ {[%mdl 1024] White has strong compensation.} Kg7 45. Qg3 Kh6 ({Don't blunder} 45... g4 $2 46. Qh4 $18) 46. Qh3+ Kg7 47. Qg4 Kh6 48. Rf2 ({White should try} 48. Rf3 $16 {aiming for Rh3+.} Kg7 49. Qd7+ Kg8 50. Rg3) 48... Kg7 $1 $11 {The position is equal.} 49. Qd7+ Kg8 50. Rg2 Rf8 51. Qxc7 g4 52. Qd7 $40 {[%mdl 128] White mounts an attack.} g3 53. Qh3 Rf3 54. Qc8+ Rf8 55. Qh3 Rf3 56. Qc8+ Kg7 57. Qd7+ Kh6 58. Qh3+ Kg7 59. Qd7+ Kh6 {Precision: White = 66%, Black = 55%.} 1/2-1/2

[Event "XXXVIII Benasque Open 2018"]
[Site "Benasque"]
[Date "2018.07.10"]
[Round "6"]
[White "Prohaszka, Peter"]
[Black "Jansa, Vlastimil"]
[Result "1-0"]
[WhiteElo "2610"]
[BlackElo "2451"]
[Annotator "TA"]
[PlyCount "187"]
[EventDate "2018.07.05"]
[EventType "swiss"]
[EventCountry "ESP"]
[SourceTitle "playchess.com"]
[Source "ChessBase"]
[SourceQuality "1"]

{[%evp 19,187,11,24,-12,21,16,16,16,21,19,29,35,37,40,45,33,54,47,45,39,47,35,98,90,114,133,124,123,147,131,186,176,166,122,133,121,116,110,105,105,109,112,98,97,123,118,141,150,147,147,162,154,146,51,148,139,940,141,141,91,87,87,85,86,84,84,84,69,111,85,84,83,85,85,84,82,90,90,90,90,113,9,33,35,111,10,10,10,10,10,10,10,10,10,10,10,10,10,10,10,10,10,10,10,10,10,10,10,78,78,78,78,78,78,210,103,210,210,210,210,210,210,210,210,210,210,210,210,705,679,4133,193,177,177,177,170,732,163,163,162,162,78,78,78,78,78,78,78,82,74,89,89,619,608,508,506,658,650,628,74,620,595,595,588,581,581,573,472,446,438]} 1. d4 {Hazai,L} Nf6 2. Bf4 g6 3. e3 Bg7 4. Nf3 O-O 5. Be2 d6 6. h3 c5 7. O-O Qb6 8. Nbd2 Be6 {A48: 1 d4 Nf6 2 Nf3 g6: Torre, London and Colle Systems} (8... cxd4 9. Nc4 Qc7 10. exd4 Nd5 11. Bg3 b5 12. Ncd2 a6 13. c3 Nc6 14. a4 Rb8 15. axb5 axb5 16. Re1 {½-½ (44) Carlsen,M (2832)-Vachier Lagrave,M (2795) Stavanger 2017}) 9. Ng5 Bd7 10. Nc4 Qc7 {LiveBook: 6 Games. The position is equal.} 11. a4 h6 $146 ({Predecessor:} 11... b6 12. c3 Nc6 13. d5 Nd8 14. Bf3 Nb7 15. Ne4 Nxe4 16. Bxe4 {1-0 (100) Macieja,B (2613)-McShane,L (2629) Drammen 2005 CBM 105 [Hazai,L]}) 12. Nf3 Be6 13. Na3 {[%cal Bc4a3,Ba3b5,Bb5c3,Bc3a4,Ba4b6][%mdl 32]} Qb6 14. Nb5 a6 15. a5 Qc6 16. Nc3 Nbd7 17. Re1 Rac8 18. Bh2 d5 19. Na4 Ne4 20. c3 Rcd8 (20... c4 $14) 21. dxc5 $16 Ndxc5 22. Nd4 Qe8 23. Nb6 Nd6 24. Bf3 Nc4 (24... Nce4 $16 25. Qc2 Ng5) 25. Bc7 $18 Nxb2 26. Qe2 Rc8 27. Nxc8 Qxc8 28. Qxb2 Qxc7 29. Nxe6 fxe6 30. Qc2 Kf7 31. Red1 Rc8 32. e4 Qf4 {[%cal Rd5e4]} 33. exd5 Be5 34. dxe6+ Kg7 35. Kf1 Qh2 36. Re1 (36. Qd2 $16) 36... Bf6 (36... Rf8 $14) 37. Rad1 Qh1+ 38. Ke2 Qh2 39. g3 {aiming for Rh1.} Qxh3 40. Rh1 Qxe6+ 41. Kf1 Qc4+ 42. Kg2 Qxc3 43. Qa2 Nd3 44. Bxb7 Rb8 45. Qd2 $1 {[%cal Rd2h6]} Qxd2 46. Rxd2 Nxf2 47. Rb1 ({Much worse is} 47. Kxf2 $6 Rxb7 48. Rd5 Rb2+ 49. Kf3 Rb3+ 50. Kg2 Rb2+ 51. Kf3 Rb3+ 52. Kg2 Rb2+ 53. Kf3 $11) 47... Ng4 48. Re2 {[%mdl 1024] White has strong compensation.} Ne5 49. Rc2 Nf7 50. Rcc1 (50. Rb6 $1 $16) 50... Nd6 51. Rc7 Nb5 ({Better is} 51... Rd8 $1 $14) 52. Rxb5 ({White should try} 52. Rd7 $1 $16 Nd6 53. Rb6 Nxb7 54. Rdxb7) 52... axb5 $16 {[%mdl 4096] Endgame KRB-KRB} 53. a6 Bd4 54. Rxe7+ Kf6 55. Rd7 Bc5 56. Bf3 b4 57. a7 Bxa7 $1 58. Rxa7 $11 {KRB-KR} Rb6 59. Kf2 b3 60. Be4 b2 61. Bb1 h5 62. Ra8 Kg5 63. Ra5+ Kg4 (63... Kh6 $11) 64. Kg2 $1 $16 Rd6 {And now ...Rd2+ would win.} 65. Ra4+ Kg5 66. Rb4 Rd2+ (66... h4 $16) 67. Kf3 (67. Kh3 $1 $18 {and the rest is easy. Hoping for Rb6.} Kf6 68. Rb6+ Ke7 69. Bxg6) 67... Rd6 (67... Kf6 $16 {keeps fighting.}) 68. Rxb2 $18 Rf6+ 69. Kg2 $1 Rd6 70. Rb5+ Kh6 71. Kf3 Rf6+ 72. Ke3 Re6+ 73. Be4 $1 Rf6 $2 (73... Ra6 74. Rd5 Re6) 74. Rc5 Rb6 75. Kf3 $2 (75. Rc6 Rxc6 76. Bxc6) 75... Rf6+ 76. Kg2 Re6 77. Rc4 Rd6 $2 (77... Kg5 78. Kh3 Kh6) 78. Kh3 $2 (78. Rc6 Rxc6 79. Bxc6) 78... Re6 79. Kh4 Re7 80. Bg2 (80. Bc2 $18 g5+ 81. Kh3) 80... Re2 81. Kh3 {Strongly threatening Be4.} g5 82. Rc6+ Kg7 83. Kh2 g4 84. Kg1 {Threatens to win with Rc5.} Kh7 85. Kf1 {[%cal Rf1e2]} Rd2 $2 {[%mdl 8192]} (85... Re8 $16 86. Kf2 Kg7 87. Rc7+ Kf6 88. Rc6+ Kg5 89. Rc5+ Kg6) 86. Be4+ Kg7 {[#]} 87. Rg6+ $1 Kf7 88. Rh6 Rd4 89. Bg2 $2 (89. Bf5 $18 {is more deadly.} Kg7 90. Rxh5) 89... Rd3 $2 {[%mdl 8192]} (89... Rd1+ $16 90. Ke2 Rg1) 90. Kf2 {White is clearly winning.} Rd2+ {[#]} 91. Kg1 $1 Rd1+ 92. Kh2 Rd2 93. Rxh5 Kg6 94. Rd5 {Precision: White = 67%, Black = 36%.} 1-0

[Event "XXXVIII Benasque Open 2018"]
[Site "Benasque"]
[Date "2018.07.10"]
[Round "6"]
[White "Vocaturo, Daniele"]
[Black "Cruz Lledo, Pablo"]
[Result "1-0"]
[WhiteElo "2609"]
[BlackElo "2443"]
[Annotator "ChessBase"]
[PlyCount "101"]
[EventDate "2018.07.05"]
[EventType "swiss"]
[EventCountry "ESP"]
[SourceTitle "playchess.com"]
[Source "ChessBase"]
[SourceQuality "1"]
[TimeControl "5400+30"]

1. e4 {[%emt 0:00:00]} g6 {[%emt 0:01:20]} 2. d4 {[%emt 0:00:23]} Bg7 {[%emt 0:00:05]} 3. c4 {[%emt 0:01:59]} e6 {[%emt 0:00:08]} 4. Nc3 {[%emt 0:02:09]} Ne7 {[%emt 0:01:30]} 5. Bg5 {[%emt 0:05:04]} h6 {[%emt 0:00:05]} 6. Bh4 {[%emt 0:09:03]} g5 {[%emt 0:08:30]} 7. Bg3 {[%emt 0:00:16]} Ng6 {[%emt 0:00:12]} 8. Nf3 {[%emt 0:04:42]} d6 {[%emt 0:05:47]} 9. h4 {[%emt 0:05:06]} g4 {[%emt 0:02:21]} 10. h5 {[%emt 0:04:44]} gxf3 {[%emt 0:00:14]} 11. hxg6 {[%emt 0:00:06]} fxg6 {[%emt 0:00:09]} 12. Qxf3 {[%emt 0:01:14]} Bxd4 {[%emt 0:01:45]} 13. e5 {[%emt 0:01:03]} Nc6 {[%emt 0:12:19]} 14. exd6 {[%emt 0:09:11]} cxd6 {[%emt 0:01:33]} 15. Bd3 {[%emt 0:11:35]} Ne5 {[%emt 0:10:15]} 16. Bxe5 {[%emt 0:04:44]} Bxe5 {[%emt 0:00:59]} 17. Bxg6+ {[%emt 0:02:33]} Kd7 {[%emt 0:00:08]} 18. Rh5 {[%emt 0:04:55]} Rf8 {[%emt 0:03:14]} 19. Qd3 {[%emt 0:02:52]} Kc7 {[%emt 0:08:32]} 20. O-O-O {[%emt 0:02:43]} Qf6 {[%emt 0:07:23]} 21. g3 {[%emt 0:05:18]} Rd8 {[%emt 0:05:49]} 22. f4 {[%emt 0:01:46]} Bxc3 {[%emt 0:00:13]} 23. bxc3 {[%emt 0:00:04]} a5 {[%emt 0:05:19]} 24. Rxh6 {[%emt 0:02:00]} Ra6 {[%emt 0:01:45]} 25. Rh7+ {[%emt 0:00:45]} Rd7 {[%emt 0:00:19]} 26. Rdh1 {[%emt 0:02:20]} d5 {[%emt 0:03:56]} 27. Be8 {[%emt 0:04:53]} Rxh7 {[%emt 0:01:03]} 28. Rxh7+ {[%emt 0:00:01]} Kb8 {[%emt 0:00:14]} 29. Bb5 {[%emt 0:00:14]} Rd6 {[%emt 0:00:34]} 30. c5 {[%emt 0:00:28]} Rd8 {[%emt 0:01:57]} 31. c6 {[%emt 0:00:47]} Rh8 {[%emt 0:03:37]} 32. c7+ {[%emt 0:01:18]} Ka7 {[%emt 0:00:05]} 33. Rxh8 {[%emt 0:02:37]} Qxh8 {[%emt 0:00:07]} 34. Qd4+ {[%emt 0:02:23]} Qxd4 {[%emt 0:00:09]} 35. cxd4 Kb6 {[%emt 0:00:11]} 36. g4 {[%emt 0:00:43]} Kxc7 {[%emt 0:08:22]} 37. g5 {[%emt 0:00:53]} Kd8 {[%emt 0:01:13]} 38. Kb2 {[%emt 0:01:37]} Bd7 {[%emt 0:00:39]} 39. g6 {[%emt 0:01:51]} Be8 {[%emt 0:00:02]} 40. g7 {[%emt 0:00:26]} Bf7 {[%emt 0:00:01]} 41. Bd3 {[%emt 0:00:55]} Bg8 {[%emt 0:00:23]} 42. Kb3 {[%emt 0:00:11]} Kc7 {[%emt 0:04:42]} 43. Ka4 {[%emt 0:00:04]} b6 {[%emt 0:00:38]} 44. Kb5 {[%emt 0:01:11]} Kb7 {[%emt 0:00:09]} 45. Bg6 {[%emt 0:00:15]} Kc7 {[%emt 0:00:42]} 46. Ka6 {[%emt 0:00:10]} Kc6 {[%emt 0:00:17]} 47. a4 {[%emt 0:00:29]} Kc7 {[%emt 0:00:08]} 48. Ka7 {[%emt 0:00:27]} Kc6 {[%emt 0:00:06]} 49. Kb8 {[%emt 0:00:53]} b5 {[%emt 0:04:09]} 50. Be8+ {[%emt 0:00:05]} Kd6 {[%emt 0:00:19]} 51. Bxb5 {[%emt 0:00:20]} 1-0

[Event "XXXVIII Benasque Open 2018"]
[Site "Benasque"]
[Date "2018.07.10"]
[Round "6"]
[White "Baklan, Vladimir"]
[Black "Soham, Das"]
[Result "1-0"]
[WhiteElo "2595"]
[BlackElo "2359"]
[Annotator "TA"]
[PlyCount "57"]
[EventDate "2018.07.05"]
[EventType "swiss"]
[EventCountry "ESP"]
[SourceTitle "playchess.com"]
[Source "ChessBase"]
[SourceQuality "1"]

{[%evp 21,57,8,13,11,14,13,14,11,15,12,11,15,16,14,27,17,39,47,47,18,25,26,210,195,305,296,254,236,267,277,343,301,767,760,29991,29992,29997,29998]} 1. e4 c6 {[%cal Bc7c6,Bc6c5][%mdl 32]} 2. d4 d5 3. e5 Bf5 4. Be2 e6 5. c3 c5 6. Nf3 Nc6 7. O-O Bg6 8. a3 {B12: Caro-Kann: Advance Variation} cxd4 9. cxd4 Nge7 {[%cal Bg8e7,Be7c8,Bc8b6][%mdl 32]} 10. Nc3 Nc8 11. Be3 Nb6 {LiveBook: 3 Games} 12. b3 Be7 13. Ne1 Rc8 14. Qd2 O-O 15. Nd3 {[#]} Na5 $146 ({Predecessor:} 15... Nd7) 16. Qb2 a6 17. Nf4 Bf5 18. g4 Bg6 19. Nxg6 hxg6 20. f4 g5 21. Bd3 f5 $2 {[#]} (21... gxf4 $11 22. Bxf4 Nd7) 22. exf6 $18 Bxf6 (22... gxf6 {was necessary.} 23. Ne2 Bd6) 23. fxg5 Bxg5 24. Rxf8+ Kxf8 25. Rf1+ Kg8 26. Qf2 {[#] Threatening mate with Qf7+.} Qf6 $2 ({But not} 26... Bxe3 27. Qxe3 Qe8 28. Qh3 $18) (26... Qe8) 27. Qe2 Qh6 28. Bxg5 Qxg5 29. Qxe6+ {Precision: White = 88%, Black = 14%.} 1-0

[Event "XXXVIII Benasque Open 2018"]
[Site "Benasque"]
[Date "2018.07.10"]
[Round "6"]
[White "Forcen Esteban, Daniel"]
[Black "Arjun Kalyan"]
[Result "1/2-1/2"]
[WhiteElo "2567"]
[BlackElo "2370"]
[Annotator "TA"]
[PlyCount "156"]
[EventDate "2018.07.05"]
[EventType "swiss"]
[EventCountry "ESP"]
[SourceTitle "playchess.com"]
[Source "ChessBase"]
[SourceQuality "1"]

{[%evp 12,156,2,-6,29,40,33,42,67,48,92,92,92,97,90,100,89,103,81,54,50,48,66,62,60,63,48,43,113,110,111,107,103,107,111,112,109,100,104,99,99,87,90,85,91,78,98,81,77,71,71,70,71,77,87,81,78,88,119,106,104,65,73,57,76,54,89,89,94,67,139,108,93,80,82,55,77,54,53,51,61,40,40,22,53,46,43,50,84,73,83,51,48,0,90,80,76,74,70,70,101,106,93,108,136,127,222,224,207,120,122,127,123,95,95,95,95,95,95,83,166,165,203,203,167,86,149,62,66,8,8,8,8,0,0,0,0,0,0,0,0,0,8,8,8,8,8]} 1. e4 e5 2. Bc4 Nf6 3. Nc3 Nxe4 4. Qh5 Nd6 5. Bb3 Be7 6. Qxe5 O-O {C27: Vienna Game: 2...Nf6 3 Bc4 Nxe4} 7. Nf3 {LiveBook: 4 Games} (7. d4 Nc6 8. Qf4 Na5 9. Bd5 Ne8 10. Bf3 Nc6 11. Nd5 Bd6 12. Qd2 b6 13. Ne2 Nf6 14. Ne3 {½-½ (43) Caruana,F (2782)-Giri,A (2734) Wijk aan Zee 2014 CBM 159 [Postny,E]}) 7... c6 8. d4 Ne8 {White is slightly better.} 9. d5 Bf6 10. Qf4 Nc7 11. Ne4 Nxd5 12. Bxd5 ({But not} 12. Nxf6+ $6 Nxf6 13. O-O d5 $11) 12... cxd5 13. Nxf6+ Qxf6 14. Qxf6 gxf6 {[#]} 15. O-O $146 d6 16. Bh6 {[%mdl 1024] White has compensation.} Re8 17. Rad1 Be6 18. Nd4 $36 {[%mdl 2048] White has good play.} Nc6 19. Nb5 Rad8 (19... Rec8 $14) 20. Nc7 $16 Re7 21. Nxd5 Bxd5 22. Rxd5 Re6 23. Rfd1 Ne7 24. R5d3 f5 25. Bf4 d5 26. Be3 Rc8 27. c3 b6 28. Kf1 f6 29. Bd4 Nc6 30. Rg3+ Kf7 31. Be3 Ne7 32. Rh3 Kg7 33. Rd3 Re4 34. b3 Rc7 35. Bh6+ Kg6 36. f3 Re6 $1 37. Bd2 Rc8 38. Rd4 Kg7 39. Rdh4 Rh8 40. Rh5 Re5 (40... b5 $14) 41. Rg3+ Kf7 42. Bf4 Re6 43. Bh6 (43. Rgh3 {is more complex.} Kg6 44. Rh6+ Kg7 45. R6h4 Kg6 46. Bh6) 43... Rg8 44. Rxg8 Kxg8 {[%mdl 4096] Endgame KRB-KRN} 45. Rh4 Nc6 46. Bd2 Kg7 47. h3 b5 48. Kf2 a6 49. Rh5 Kg6 50. g4 Ne7 51. Rh6+ Kg7 52. Rh5 Kg6 $1 53. a3 a5 54. Be3 fxg4 55. hxg4 Re5 56. Rh6+ Kg7 57. Rh1 Nc6 58. Rd1 b4 (58... Ne7 $16 {keeps fighting.} 59. Bb6 a4 60. bxa4 bxa4) 59. cxb4 $1 $18 axb4 60. axb4 (60. a4 $1 $18) 60... Nxb4 $16 61. Bc5 $1 {[%cal Rc5b4]} Nc6 62. Bd6 Re8 63. Rxd5 Rd8 {[#]} 64. Ke2 $1 Kf7 {Black wants to play ...Ke6.} 65. Rd3 Ke6 (65... h5 $16) 66. Bc5 $18 Rxd3 67. Kxd3 {KB-KN} f5 {[#]} 68. g5 (68. gxf5+ $1 $18 Kxf5 69. b4) 68... Ne5+ (68... Kd5 $142 69. Be3 Ne5+ 70. Ke2 Nf7) 69. Ke2 (69. Ke3 $16) 69... f4 $14 70. Ba3 ({Better is} 70. Bb6 $14) 70... Nf7 $11 {The position is equal.} 71. Bc1 Ke5 72. b4 {[%cal Bb3b4,Bb4b5,Bb5b6][%mdl 32]} Nxg5 73. b5 {aiming for b6.} Ne6 74. b6 {b7 is the strong threat.} Kd6 75. Kd3 Kc6 76. Ke4 Ng5+ 77. Kxf4 Nxf3 78. Kxf3 {And now Be3 would win.} Kxb6 {Precision: White = 61%, Black = 57%.} 1/2-1/2

[Event "XXXVIII Benasque Open 2018"]
[Site "Benasque"]
[Date "2018.07.10"]
[Round "6"]
[White "Nasuta, Grzegorz"]
[Black "Kuzubov, Yuriy"]
[Result "1/2-1/2"]
[WhiteElo "2491"]
[BlackElo "2660"]
[Annotator "TA"]
[PlyCount "71"]
[EventDate "2018.07.05"]
[EventType "swiss"]
[EventCountry "ESP"]
[SourceTitle "playchess.com"]
[Source "ChessBase"]
[SourceQuality "1"]

{[%evp 24,71,56,56,53,53,53,45,106,44,43,44,34,40,54,37,47,42,44,33,43,51,50,44,50,53,77,77,96,81,88,59,56,52,54,37,37,37,37,37,37,37,39,32,48,0,32,0,56,0]} 1. e4 c6 2. d4 d5 3. exd5 cxd5 4. Bd3 Nc6 5. c3 Nf6 6. Bf4 Bg4 7. Qb3 Qd7 8. Nd2 e6 9. Ngf3 Bxf3 10. Nxf3 Be7 11. Ne5 {B13: Caro-Kann: Exchange Variation and Panov-Botvinnik Attack} Qc8 12. O-O O-O 13. Rae1 {[#] LiveBook: 3 Games} Re8 $146 ({Predecessor:} 13... Nxe5 14. Bxe5 Nd7 15. Qc2 h6 16. Bf4 Re8 17. Re3 Qd8 18. Qe2 Bg5 19. Bxg5 Qxg5 {1-0 (36) Vocaturo,D (2607)-Pelletier,Y (2540) Heraklio 2017}) 14. Qc2 g6 15. Qe2 Nd7 (15... Nxe5 $14 16. Bxe5 Nd7) 16. Nxf7 (16. Ng4 $16) 16... Kxf7 $14 17. Qxe6+ Kg7 18. Qxd5 Nf6 19. Qf3 {And now d5 would win.} Qd7 20. Bc4 $36 {[%mdl 2048] Hoping for Be6. White fights for an advantage.} Bd6 21. Bg5 {[%csl Gg5][%cal Rf3f6] [#]} Qf5 22. Qxf5 gxf5 23. Bd3 h6 24. Bd2 f4 25. g3 Rad8 26. Rxe8 Rxe8 27. Re1 (27. Kg2 {is more complex.} Nd8 28. Rg1 fxg3 29. hxg3 h5 30. Rh1) 27... Rxe1+ 28. Bxe1 Nd8 29. Kg2 {[%mdl 1024] White has compensation.} Ne6 30. Bd2 Kf7 31. Bc4 Ke7 32. Bc1 b6 33. Be2 Kf7 34. Bc4 Ke7 35. Be2 Kf7 36. Bc4 {Precision: White = 53%, Black = 57%.} (36. g4 $14) 1/2-1/2

[Event "XXXVIII Benasque Open 2018"]
[Site "Benasque"]
[Date "2018.07.10"]
[Round "6"]
[White "Plazuelo Pascual, Juan"]
[Black "Chigaev, Maksim"]
[Result "1/2-1/2"]
[WhiteElo "2434"]
[BlackElo "2582"]
[Annotator "ChessBase"]
[PlyCount "127"]
[EventDate "2018.07.05"]
[EventType "swiss"]
[EventCountry "ESP"]
[SourceTitle "playchess.com"]
[Source "ChessBase"]
[SourceQuality "1"]
[TimeControl "5400+30"]

1. d4 {[%emt 0:00:00]} Nf6 {[%emt 0:00:00]} 2. c4 {[%emt 0:00:00]} d6 {[%emt 0:00:00]} 3. Nc3 {[%emt 0:00:19]} g6 {[%emt 0:00:00]} 4. e4 {[%emt 0:00:11]} Bg7 {[%emt 0:00:00]} 5. f3 {[%emt 0:00:07]} O-O {[%emt 0:00:00]} 6. Be3 {[%emt 0:00:05]} c6 {[%emt 0:00:14]} 7. Qd2 {[%emt 0:01:24]} a6 {[%emt 0:00:06]} 8. O-O-O {[%emt 0:01:38]} b5 {[%emt 0:00:08]} 9. h4 {[%emt 0:01:14]} h5 {[%emt 0:01:36]} 10. g4 {[%emt 0:11:13]} Qa5 {[%emt 0:01:04]} 11. Kb1 {[%emt 0:17:31]} e5 {[%emt 0:00:42]} 12. dxe5 {[%emt 0:04:18]} dxe5 {[%emt 0:00:10]} 13. Bh6 {[%emt 0:05:09]} Nbd7 {[%emt 0:05:12]} 14. Bxg7 {[%emt 0:03:54]} Kxg7 {[%emt 0:00:08]} 15. g5 {[%emt 0:01:46]} Ne8 {[%emt 0:00:23]} 16. Nh3 {[%emt 0:10:31]} Nb6 {[%emt 0:15:23]} 17. c5 {[%emt 0:06:49]} Nd7 {[%emt 0:00:15]} 18. Ne2 {[%emt 0:00:16]} Qxd2 {[%emt 0:05:42]} 19. Rxd2 {[%emt 0:00:04]} Nc7 {[%emt 0:03:55]} 20. Rd6 {[%emt 0:04:24]} Ne6 {[%emt 0:01:14]} 21. Rxc6 {[%emt 0:02:21]} Bb7 {[%emt 0:00:19]} 22. Rd6 {[%emt 0:00:05]} Ndxc5 {[%emt 0:00:07]} 23. Bg2 {[%emt 0:00:24]} b4 {[%emt 0:00:09]} 24. Rhd1 {[%emt 0:01:35]} a5 {[%emt 0:00:55]} 25. Nf2 {[%emt 0:01:53]} Ba6 {[%emt 0:06:10]} 26. Nc1 {[%emt 0:00:56]} Nf4 {[%emt 0:01:55]} 27. Bh3 {[%emt 0:05:41]} a4 {[%emt 0:05:34]} 28. Rc6 {[%emt 0:02:48]} Nxh3 {[%emt 0:00:16]} 29. Nxh3 {[%emt 0:00:07]} Rfc8 {[%emt 0:00:14]} 30. Rxc8 {[%emt 0:02:52]} Rxc8 {[%emt 0:01:01]} 31. Rd5 {[%emt 0:01:26]} Bc4 {[%emt 0:02:02]} 32. Rd2 {[%emt 0:00:16]} b3 {[%emt 0:06:24]} 33. axb3 {[%emt 0:03:54]} axb3 {[%emt 0:00:08]} 34. Nf2 {[%emt 0:00:14]} Ne6 {[%emt 0:00:25]} 35. Ncd3 {[%emt 0:02:21]} Rd8 {[%emt 0:06:33]} 36. Kc1 {[%emt 0:00:21]} f6 {[%emt 0:02:55]} 37. gxf6+ {[%emt 0:02:28]} Kxf6 {[%emt 0:00:05]} 38. Rd1 {[%emt 0:00:10]} Nd4 {[%emt 0:01:07]} 39. Kd2 {[%emt 0:03:18]} Nxf3+ {[%emt 0:01:02]} 40. Kc3 {[%emt 0:00:05]} Be6 {[%emt 0:01:57]} 41. Nc5 {[%emt 0:02:17]} Rxd1 {[%emt 0:00:18]} 42. Nxd1 {[%emt 0:00:05]} Nxh4 {[%emt 0:00:08]} 43. Nxb3 {[%emt 0:01:33]} Nf3 {[%emt 0:01:16]} 44. Nc5 {[%emt 0:00:19]} Bc8 {[%emt 0:03:15]} 45. b4 {[%emt 0:00:29]} Nd4 {[%emt 0:00:36]} 46. Ne3 {[%emt 0:00:12]} h4 {[%emt 0:00:19]} 47. Kc4 {[%emt 0:00:34]} Nf3 {[%emt 0:02:34]} 48. b5 {[%emt 0:00:37]} h3 {[%emt 0:01:48]} 49. b6 {[%emt 0:01:06]} Kg5 {[%emt 0:01:56]} 50. Nf1 {[%emt 0:00:50]} h2 {[%emt 0:04:55]} 51. Nxh2 {[%emt 0:01:14]} Nxh2 {[%emt 0:00:02]} 52. Kd5 {[%emt 0:00:37]} Nf3 {[%emt 0:01:35]} 53. Kd6 {[%emt 0:00:13]} Nd2 {[%emt 0:00:06]} 54. Kc7 {[%emt 0:02:06]} Nc4 {[%emt 0:00:05]} 55. Kxc8 {[%emt 0:00:23]} Nxb6+ {[%emt 0:00:02]} 56. Kc7 {[%emt 0:00:04]} Nc4 {[%emt 0:00:11]} 57. Kc6 {[%emt 0:00:11]} Kf4 {[%emt 0:00:45]} 58. Kd5 {[%emt 0:00:08]} Ne3+ {[%emt 0:00:04]} 59. Ke6 {[%emt 0:00:08]} g5 {[%emt 0:05:03]} 60. Nd3+ {[%emt 0:00:08]} Kxe4 {[%emt 0:00:02]} 61. Nxe5 {[%emt 0:00:06]} Nd5 {[%emt 0:00:09]} 62. Ng4 {[%emt 0:00:43]} Ne3 {[%emt 0:01:35]} 63. Kf6 {[%emt 0:00:34]} Nxg4+ {[%emt 0:00:03]} 64. Kxg5 {[%emt 0:00:03]} 1/2-1/2